[Event "26th Abu Dhabi Master 2019"]
[Site "Abu Dhabi"]
[Date "2019.08.05"]
[Round "5.47"]
[White "Srija, Seshadri"]
[Black "Nguyen, Anh Khoi"]
[Result "0-1"]
[WhiteElo "2306"]
[BlackElo "2516"]
[Annotator "TA"]
[PlyCount "94"]
[EventDate "2019.08.02"]
[EventType "swiss"]
[EventCountry "UAE"]
[SourceTitle "playchess.com"]
[Source "ChessBase"]
[SourceQuality "1"]

{[%evp 22,93,56,76,79,44,61,33,56,15,52,32,153,118,158,60,74,26,38,42,38,36,45,33,75,46,84,96,106,99,155,164,162,84,84,78,109,41,61,38,99,0,0,0,0,0,0,0,0,0,0,-856,-857,-1446,0,0,0,-1406,-1270,-29981,-29982,-29987,-29988,-29988,-29989,-29993,-29994,-29994,-29992,-29997,-29998,-29998,-29999,-29999]} 1. e4 c5 2. Nf3 d6 3. d4 cxd4 4. Nxd4 Nf6 5. Nc3 a6 6. Be2 e6 7. f4 Be7 8. Be3 O-O 9. O-O Qc7 10. g4 Re8 11. g5 Nfd7 12. f5 Ne5 {B85: Sicilian Scheveningen: 6 Be2 a6, lines with early Be3} 13. Qe1 (13. Bd3 Nbc6 14. Qh5 g6 15. Qh4 Nb4 16. Be2 Bd7 17. a3 Nbc6 18. Rad1 Bf8 19. Rf2 Nxd4 20. Bxd4 {0-1 (41) Aveskulov,V (2544)-Sasikiran,K (2694) Beijing 2008}) 13... Bf8 14. Qg3 Nbc6 {White is slightly better.} 15. a4 $146 ({Predecessor:} 15. Rf2 b5 16. a3 Bb7 17. Raf1 Nxd4 18. Bxd4 exf5 19. Rxf5 g6 20. R5f4 {½-½ (39) Prandstetter,E (2430)-Pinter,J (2540) Prague 1985}) 15... Nb4 16. f6 b6 (16... g6 $14) 17. Rac1 Bb7 18. Nf3 (18. Rf2 $1 $16) 18... Nbc6 19. Nxe5 Nxe5 20. Qf2 g6 21. Bxb6 Qb8 22. Rfd1 Rc8 23. a5 $36 {[%mdl 2048] White is pushing.} Rxc3 {[%mdl 64] Remove Defender} 24. bxc3 Bxe4 25. c4 Qe8 (25... Qc8 $142) 26. c5 $1 $16 {[%cal Rc5d6]} d5 27. c4 ({White should try} 27. Bc7 $18 Nd7 28. Bd6) 27... Qc6 28. cxd5 exd5 29. Qg3 (29. h4 $16) 29... Re8 $1 $14 30. Rd4 {Rc3 is the strong threat.} ({Worse is} 30. Bxa6 Nf3+ 31. Kf1 Re5 $17) 30... Nd7 ({Black should play} 30... h6 $14) 31. Qa3 (31. Qc7 $16 Qxc7 32. Bxc7 Bxc5 33. Bb6 Bxd4+ 34. Bxd4) 31... h6 $11 32. Qa4 Qe6 $1 {[%cal Re6h3]} 33. Rxe4 dxe4 34. c6 Nxb6 35. axb6 {Black must now prevent Kh1.} Qe5 36. c7 $2 {[%mdl 8192]} (36. Qc2 $11 Bd6 37. Bc4) 36... Qxg5+ $19 {[%mdl 64] Double Attack} 37. Kf2 {[#]} Qf4+ $2 (37... Re6 $1 $19 {[%cal Re6f6]} 38. Qc4 Rxf6+ 39. Ke1 Bb4+ $1 {[%mdl 576] Deflection} 40. Qxb4 Qxc1+ 41. Bd1 Qe3+ {[%mdl 64] Double Attack} 42. Be2 Rc6) 38. Kg2 $11 Qg5+ $2 {[%mdl 8192]} (38... Qxc1 $11 39. Qxe8 Qg5+ {[%mdl 64] Double Attack} 40. Kh1 Qc1+ 41. Kg2 Qg5+ {[%mdl 64] Double Attack} 42. Kh1 Qc1+ 43. Kg2) 39. Kf2 $19 {[#] aiming for Qc6.} Re6 $1 {[%cal Re6f6]} 40. c8=Q e3+ {Black mates.} 41. Kf1 Rxf6+ 42. Bf3 Rxf3+ 43. Ke2 Rf2+ {[%mdl 64] Double Attack} 44. Kd3 Qd5+ 45. Kxe3 Qd2+ 46. Ke4 Rf4+ {[%mdl 64] Skewer} 47. Ke5 Qd6# {Accuracy: White = 27%, Black = 55%.} 0-1

[Event "26th Abu Dhabi Master 2019"]
[Site "Abu Dhabi"]
[Date "2019.08.05"]
[Round "5.48"]
[White "Alinasab, Mobina"]
[Black "Vasquez Schroeder, Rodrigo"]
[Result "0-1"]
[WhiteElo "2280"]
[BlackElo "2496"]
[Annotator "TA"]
[PlyCount "126"]
[EventDate "2019.08.02"]
[EventType "swiss"]
[EventCountry "UAE"]
[SourceTitle "playchess.com"]
[Source "ChessBase"]
[SourceQuality "1"]

{[%evp 19,126,58,66,54,48,58,65,57,78,37,50,21,30,15,25,13,14,0,0,0,25,8,14,0,24,0,0,0,0,-24,0,0,0,0,0,-15,0,2,18,-75,-28,-79,-72,-75,0,-87,-87,-94,-94,-95,-102,-119,-60,-75,-75,-81,-60,-112,-110,-276,-100,-200,-193,-209,-93,-187,-90,-101,-50,-182,-177,-133,-42,-168,-166,-392,-247,-496,-211,-500,-500,-491,-454,-401,-333,-179,-179,-262,-252,-237,-230,-327,-279,-368,-357,-427,-404,-543,-537,-615,-571,-2533,-2266,-5518,-4304,-5514,-5052,-5114,-2818]} 1. e4 e6 2. d4 d5 3. Nd2 Nf6 4. e5 Nfd7 5. Bd3 c5 6. c3 Nc6 7. Ne2 cxd4 8. cxd4 Nb6 9. O-O Bd7 10. a3 a5 11. Nf3 {C06: French Tarrasch: 3...Nf6 4 e5 Nfd7 5 Bd3 main lines} (11. f4 g6 12. Nf3 Ne7 13. Nc3 h5 14. Be3 Nf5 15. Bf2 Be7 16. Qe2 Rc8 17. g3 Nc4 18. Rac1 Qb6 {1-0 (55) Pichot,A (2528)-Dolezal,C (2439) Buenos Aires 2015}) 11... a4 12. Bg5 Be7 13. Bxe7 {White is slightly better.} Qxe7 14. Nc3 Na5 15. Nd2 O-O 16. f4 f6 $146 ({Predecessor:} 16... f5) 17. Qh5 f5 18. Kh1 Rac8 19. Qe2 Nbc4 20. Nxc4 Nxc4 21. Rac1 Kh8 22. Bxc4 Rxc4 23. Qd2 h6 24. Ne2 Bb5 25. Nc3 Ba6 26. Rfd1 Qh4 27. Kg1 g5 28. fxg5 hxg5 29. Qf2 (29. Nxa4 $1 $11 {remains equal.} Rxa4 30. b3) 29... Qh5 30. Qf3 (30. Rd3 $11 Kg7 31. h3 (31. Rh3 Qg4 $15)) 30... Qxf3 31. gxf3 Rf7 (31... Kg7 $17) 32. Na2 (32. Rc2 $11) 32... Rh7 $17 33. Rxc4 Bxc4 {[%mdl 4096] Endgame KRB-KRN} ({Weaker is} 33... dxc4 34. d5 $16) 34. Nc3 b5 35. Rd2 Rh4 (35... Kg7 $17) 36. Kg2 $15 Kg7 37. Nd1 Rh8 38. Nc3 ({White should try} 38. Ne3 $15) 38... Kg6 $17 39. Rd1 $2 (39. Nd1 $17) 39... Kh5 $2 (39... g4 $1 $19 {And now ...gxf3+ would win.} 40. fxg4 fxg4) 40. Rd2 (40. h3 $17) 40... Kh4 $1 $19 41. h3 Kh5 (41... Rb8 $1 $19 42. Rc2 Bb3) 42. Nd1 {[#]} (42. Rd1 $17) 42... Kg6 (42... b4 $1 $19 {[%mdl 512] has better winning chances.} 43. axb4 Rb8) 43. Ne3 $17 {[#]} Rc8 (43... b4 $1 $17 {[%mdl 512]} 44. Nxc4 (44. axb4 Bb3) 44... dxc4) 44. Nd1 (44. Nc2 $15) 44... Bb3 {...Bxd1 is the strong threat.} 45. Nf2 {[#]} Rc4 (45... f4 $1 $17 46. Nd3 Bc2) 46. Kg3 (46. h4 $1 $15) 46... f4+ $19 47. Kg2 $2 (47. Kh2) 47... Bc2 48. Ng4 $2 (48. h4 gxh4 49. Nh3) 48... Bf5 (48... Kh5 $142 49. Kh2 Bf5) 49. Nf2 $2 (49. Nf6) 49... b4 50. axb4 Rxb4 51. Kf1 Rb3 52. Kg2 Kf7 53. Nd1 (53. Ng4 {was necessary.}) 53... Ke7 54. Nf2 Kd7 55. Ng4 (55. h4 $142 gxh4 56. Nh3) 55... Kc6 56. Nh6 Bg6 57. Ng8 {Strongly threatening Ne7+.} Kb5 58. Nf6 Rd3 {Black is clearly winning.} 59. Rxd3 Bxd3 60. Ne8 Kb4 61. Nc7 Kb3 62. Nxe6 Kxb2 63. Nc5 Bb5 {Accuracy: White = 24%, Black = 53%.} 0-1

[Event "26th Abu Dhabi Master 2019"]
[Site "Abu Dhabi"]
[Date "2019.08.05"]
[Round "5.49"]
[White "Ajay Krishna, S."]
[Black "Mendonca, Leon Luke"]
[Result "1/2-1/2"]
[WhiteElo "2280"]
[BlackElo "2401"]
[Annotator "TA"]
[PlyCount "39"]
[EventDate "2019.08.02"]
[EventType "swiss"]
[EventCountry "UAE"]
[SourceTitle "playchess.com"]
[Source "ChessBase"]
[SourceQuality "1"]

{[%evp 19,39,21,16,0,15,0,5,0,8,3,3,-27,-27,-26,-14,-8,-8,-23,-25,-12,-6,-43]} 1. Nf3 Nf6 2. c4 b6 3. g3 Bb7 4. Bg2 e6 5. O-O Be7 6. Nc3 O-O 7. d4 Ne4 8. Qc2 Nxc3 9. Qxc3 d6 10. Rd1 Nd7 11. Qc2 {E19: Queen's Indian: Old Main Line with 7...Ne4 8 Qc2 Nxc3 8 Qxc3} (11. d5 Bf6 12. Qc2 e5 13. Rb1 a5 14. b3 Nc5 15. a3 a4 16. b4 Nb3 17. Be3 Bc8 18. Nd2 Bd7 {½-½ (31) Cori Tello,J (2660)-Cordova,E (2606) Lima 2018}) 11... Nf6 12. Ne1 Bxg2 13. Nxg2 c5 14. dxc5 bxc5 15. Bf4 Qc7 16. Rd3 Qc6 $146 ({Predecessor:} 16... Rfd8 17. Rad1 Rab8 18. b3 Ng4 19. h4 Ne5 20. R3d2 h6 21. Qe4 a5 22. Bxe5 dxe5 23. Rxd8+ Rxd8 24. Rxd8+ Bxd8 25. Ne3 {½-½ (25) Votruba,P-Skacel,M Cihak 1969}) 17. Rad1 {[%cal Rf4d6]} Rfd8 18. Bg5 h6 19. Bxf6 Bxf6 20. h4 1/2-1/2

[Event "26th Abu Dhabi Master 2019"]
[Site "Abu Dhabi"]
[Date "2019.08.05"]
[Round "5.50"]
[White "Salih, Akar Ali Salih"]
[Black "Rajdeep Sarkar"]
[Result "0-1"]
[WhiteElo "2261"]
[BlackElo "2369"]
[Annotator "TA"]
[PlyCount "78"]
[EventDate "2019.08.02"]
[EventType "swiss"]
[EventCountry "UAE"]
[SourceTitle "playchess.com"]
[Source "ChessBase"]
[SourceQuality "1"]

{[%evp 19,78,33,37,6,28,43,109,77,99,70,105,46,64,56,59,3,4,0,0,-1,0,0,0,-4,8,8,8,8,8,7,12,0,4,0,0,-36,-31,-42,-40,-39,-43,-136,-70,-81,-100,-302,-287,-332,-328,-330,-318,-315,-234,-267,-229,-499,-493,-650,-642,-913,-918]} 1. e4 c5 2. Nf3 d6 3. d4 cxd4 4. Nxd4 Nf6 5. Nc3 Nc6 6. Bg5 e6 7. f4 Bd7 8. Qd2 a6 9. O-O-O b5 10. a3 Be7 11. Kb1 {B67: Sicilian: Richter-Rauzer: 7...a6 8 0-0-0 Bd7, lines without 9 f4 Be7} Qb6 (11... Rb8 12. Nb3 h6 13. Bh4 b4 14. axb4 Nxb4 15. Be2 a5 16. e5 dxe5 17. fxe5 Nfd5 18. Bxe7 Qxe7 19. Nxd5 Nxd5 20. Nxa5 {1-0 (88) Sosa,T (2488)-Lagarde,M (2616) Sitges 2018}) 12. Nb3 Qc7 ({Black should play} 12... O-O $14) 13. Bxf6 $146 {White is better.} ({Predecessor:} 13. Be2 Rb8 14. Rhe1 b4 15. axb4 Rxb4 16. Bxa6 O-O 17. e5 dxe5 18. Bxf6 Bxf6 19. Qxd7 Qb6 20. Rd6 Rd8 21. Qxc6 {1-0 (21) Trujillo Delgado,D (2166)-Raceanu,V (2396) Los Llanos de Ariadne 2004}) 13... gxf6 14. f5 h5 15. Be2 (15. Ne2 $16) 15... Ne5 16. Rhf1 Qb6 17. Qd4 (17. Qe1 $14) 17... Qxd4 $11 18. Rxd4 h4 19. a4 {[%cal Ra4b5]} Nc6 {...b4 is the strong threat.} 20. Rd2 b4 21. Na2 Rg8 22. Rf4 Rxg2 23. Rxh4 Kf8 24. Rh8+ Rg8 25. Rxg8+ Kxg8 26. fxe6 fxe6 27. Nc5 Bc8 $36 {[%mdl 2048] Black has some pressure.} 28. Nd3 a5 29. Nf4 Ne5 30. Bb5 {[#]} (30. c3 $15) 30... Bf8 ({Better is} 30... Kf7 $1 $17 31. Nc1 Bb7) 31. Rg2+ {[#]} Kf7 $1 32. Be2 $2 (32. Nc1 $17) 32... Bb7 $19 33. Bd3 Bh6 34. Ne2 {[#]} f5 $1 {[%mdl 512]} 35. Rf2 (35. exf5 Bxg2) 35... Ng4 36. Rf3 Rg8 37. h3 $2 (37. Rh3 fxe4 38. Bc4) 37... Nf6 {Black is clearly winning.} 38. Ng3 f4 39. Ne2 Nxe4 {Accuracy: White = 39%, Black = 48%.} 0-1

[Event "26th Abu Dhabi Master 2019"]
[Site "Abu Dhabi"]
[Date "2019.08.05"]
[Round "5.51"]
[White "Raja Rithvik R"]
[Black "Siva Mahadevan"]
[Result "1-0"]
[WhiteElo "2357"]
[BlackElo "2270"]
[Annotator "TA"]
[PlyCount "51"]
[EventDate "2019.08.02"]
[EventType "swiss"]
[EventCountry "UAE"]
[SourceTitle "playchess.com"]
[Source "ChessBase"]
[SourceQuality "1"]

{[%evp 15,65,48,50,30,35,33,43,26,25,29,63,0,0,0,44,28,32,-7,-7,-8,-4,-6,59,50,59,0,120,100,217,206,222,222,212,213,424,422,515,524,526,531,418,248,412,414,508,494,1455,1466,1417,1393,1361,1350]} 1. d4 Nf6 2. c4 g6 3. Nc3 Bg7 4. e4 d6 5. Be2 O-O 6. Be3 Na6 7. Nf3 Qe8 8. O-O e5 9. Re1 {E94: King's Indian: Classical: 6 Be2 e5 7 0-0: Various Black 7th moves} (9. dxe5 dxe5 10. h3 Nh5 11. c5 Nf4 12. Bxa6 bxa6 13. Nd5 Nxd5 14. Qxd5 Bd7 15. Rfe1 Bc6 16. Qc4 a5 17. Bd2 a4 18. Ba5 Rc8 19. Rad1 {½-½ (54) Wojtaszek,R (2741)-McShane,L (2674) Germany 2016}) 9... Ng4 10. Bg5 exd4 11. Nd5 {White is slightly better.} f6 12. Bf4 c6 {Strongly threatening ...Ne5.} 13. Nxd4 (13. Bxd6 $14 cxd5 14. exd5) 13... cxd5 $11 14. Bxg4 dxe4 $146 ({Predecessor:} 14... Bxg4 15. Qxg4 dxe4 16. Ne6 f5 17. Nxg7 Kxg7 {½-½ (48) Saatdjian,T (2353)-Janik,I (2261) Warsaw 2015}) 15. Bxc8 ({Of course not} 15. Bxd6 Bxg4 16. Qxg4 f5 $17) 15... Qxc8 16. Nb5 {Black must now prevent Qd5+.} Qc6 17. Bxd6 Rfd8 {White should prevent ...Bf8.} 18. Qb3 $36 {[%mdl 2048] White has the initiative.} f5 ({Black should play} 18... Nc5 $11 19. Bxc5 Qxc5) 19. c5+ $1 $14 Kh8 20. Rac1 (20. Qc4 $1 $14) 20... Rd7 (20... b6 $1 $11) 21. Red1 $16 h6 (21... Qc8 $16 {might work better.}) 22. Nd4 $1 $18 {[%cal Rd4c6]} Bxd4 23. Rxd4 Re8 {[#]} 24. Rcd1 $1 {And now Be5+! would win.} Kh7 $2 {[#]} (24... Rg7) 25. Bf8 $1 {[%mdl 512]} Red8 {[#]} (25... Rxf8 26. Rxd7+) 26. g3 {Played: Bf8-e7} 1-0

[Event "26th Abu Dhabi Master 2019"]
[Site "Abu Dhabi"]
[Date "2019.08.05"]
[Round "5.52"]
[White "Kushagra Mohan"]
[Black "Kulkarni, Rakesh"]
[Result "1/2-1/2"]
[WhiteElo "2250"]
[BlackElo "2360"]
[Annotator "NA"]
[PlyCount "36"]
[EventDate "2019.08.02"]
[EventType "swiss"]
[EventCountry "UAE"]
[SourceTitle "playchess.com"]
[Source "ChessBase"]
[SourceQuality "1"]
[TimeControl "5400+30"]

1. e4 d5 2. exd5 Qxd5 3. Nc3 Qd8 4. d4 Nf6 5. Nf3 g6 6. Be2 Bg7 7. O-O O-O 8. h3 Nc6 9. Bf4 b6 10. Qd2 Bb7 11. Rad1 Nb4 12. a3 Nbd5 13. Nxd5 Nxd5 14. Be5 e6 15. c4 Nf6 16. Rfe1 Qe7 17. Qe3 Rfd8 18. Bd3 Rac8 1/2-1/2

[Event "26th Abu Dhabi Master 2019"]
[Site "Abu Dhabi"]
[Date "2019.08.05"]
[Round "5.53"]
[White "Bartel, Marta"]
[Black "Dixit, Nikhil"]
[Result "1/2-1/2"]
[WhiteElo "2260"]
[BlackElo "2318"]
[Annotator "TA"]
[PlyCount "95"]
[EventDate "2019.08.02"]
[EventType "swiss"]
[EventCountry "UAE"]
[SourceTitle "playchess.com"]
[Source "ChessBase"]
[SourceQuality "1"]

{[%evp 10,95,34,10,16,17,20,0,0,11,39,23,20,33,25,21,56,27,58,43,43,28,30,0,6,0,55,22,59,56,52,25,49,34,75,81,83,74,99,83,85,88,86,75,79,87,119,108,209,194,179,177,162,161,174,145,210,172,166,110,210,75,169,115,108,98,97,65,80,91,91,24,25,0,0,0,0,0,0,0,0,0,0,0,0,0,0,0]} 1. d4 g6 2. Nf3 Nf6 3. e3 Bg7 4. Be2 O-O 5. O-O d6 6. b3 a5 {A48: 1 d4 Nf6 2 Nf3 g6: Torre, London and Colle Systems} (6... e5 7. dxe5 Ng4 8. Bb2 Nc6 9. Nc3 Ngxe5 10. Qd2 Re8 11. Rad1 Nxf3+ 12. Bxf3 Ne5 13. Be2 Be6 14. Nb5 {½-½ (59) Kramnik,V (2792)-Vachier Lagrave,M (2789) Paris 2018}) 7. Bb2 Nc6 8. c4 e5 9. dxe5 Ng4 (9... Ne4 {feels hotter.} 10. Nd4 Nxe5 11. Nc3 Nc5 12. a3 Nc6) 10. Nc3 {[%cal Bb1c3,Bc3d5,Bd5f4][%mdl 32]} Ngxe5 11. Nxe5 Nxe5 12. Qd2 Be6 13. Rfd1 $146 ({Predecessor:} 13. f4 Nc6 14. Bf3 Qe7 15. Rae1 Rfe8 16. Nd5 Bxd5 17. cxd5 Nb8 18. Bxg7 Kxg7 19. Qc3+ {1-0 (85) Rangel,D (2269)-Alboredo,J (2102) Florianopolis 2017}) 13... f5 14. Nd5 a4 15. Nf4 Bf7 16. Nd5 c6 17. Nf4 Qb6 (17... Qe7 $11) 18. Qc2 a3 19. Bc3 Qc7 20. Rd2 g5 21. Nd3 {aiming for Nxe5.} Bg6 22. Nxe5 dxe5 23. Rad1 Rfd8 24. c5 f4 25. e4 Rxd2 26. Rxd2 Rd8 27. f3 b6 28. Bb4 Rd4 (28... Bf8 $16 {is a better defense.}) 29. Rxd4 $18 ({Don't do} 29. Bxa3 $6 Bf8 $16) 29... exd4 30. Bxa3 b5 31. Bb4 Qb8 32. h3 h5 (32... Bf8 $16 33. Ba5 Qa7) 33. Bd3 Bf7 34. Qb2 ({White should play} 34. Be1 $18) 34... Be6 {[#]} (34... Qa8 $16) 35. Qf2 (35. a4 $1 $18 {and White stays clearly on top.}) 35... Qe5 (35... Be5 $16) 36. Qc2 (36. a4 $18) 36... g4 $16 37. hxg4 hxg4 38. fxg4 Bxg4 {[#]} 39. Qf2 $1 Qh5 40. Bd2 ({Better is} 40. a4 $16) 40... f3 $11 41. gxf3 Bxf3 {[%csl Gf3][%cal Rh5h1] The position is equal.} 42. Qg3 Qh1+ 43. Kf2 Bxe4 44. Bxe4 Qxe4 45. Qb8+ Kh7 46. Qh2+ Kg8 47. Qb8+ Kh7 48. Qh2+ {Accuracy: White = 44%, Black = 41%.} 1/2-1/2

[Event "26th Abu Dhabi Master 2019"]
[Site "Abu Dhabi"]
[Date "2019.08.05"]
[Round "5.54"]
[White "Deshpande, Aniruddha"]
[Black "Pranav Anand"]
[Result "0-1"]
[WhiteElo "2234"]
[BlackElo "2347"]
[Annotator "TA"]
[PlyCount "54"]
[EventDate "2019.08.02"]
[EventType "swiss"]
[EventCountry "UAE"]
[SourceTitle "playchess.com"]
[Source "ChessBase"]
[SourceQuality "1"]

{[%evp 13,80,25,12,-36,3,6,0,0,0,-22,0,0,0,0,0,0,0,-18,0,-44,-22,-243,-151,-157,-160,-155,-156,-151,-162,-143,-131,-175,-165,-183,-173,-209,-181,-174,-146,-156,-148,-166,-144,-212,-189,-183,-171,-171,-175,-182,-171,-176,-181,-200,-183,-274,-276,-277,-272,-539,-533,-626,-630,-696,-693,-718,-725,-807,-814]} 1. d4 Nf6 2. c4 e6 3. g3 d5 4. Nf3 Be7 5. Bg2 O-O 6. O-O dxc4 7. Qc2 b5 8. Bg5 {E05: Open Catalan: 5 Nf3 Be7} (8. a4 b4 9. Nfd2 c6 10. Nxc4 Qxd4 11. Rd1 Qc5 12. b3 Ba6 13. Nbd2 Nbd7 14. Bb2 Rad8 15. e3 Qh5 {0-1 (38) Maghsoodloo,P (2688)-Nakamura,H (2746) St Petersburg 2018}) 8... Nd5 9. Bxe7 Qxe7 10. b3 $146 {The position is equal.} ({Predecessor:} 10. Nc3 c6 11. a4 Bb7 12. axb5 Nxc3 13. bxc6 Nxe2+ 14. Qxe2 Bxc6 15. Qxc4 Bd5 {0-1 (58) Arias Boo,G (2321)-Arnaudov,P (2064) Barcelona 2017}) 10... cxb3 11. axb3 Bb7 12. Nc3 Nb4 $36 {[%mdl 2048] Black is pushing.} 13. Qb1 {White wants to play Ng5!} c6 14. Ne4 Nd7 15. Rc1 f6 16. Bh3 Kh8 17. Nh4 $2 (17. Ra5 $11 {and White stays safe.}) 17... g5 18. Nf3 {[#]} g4 $1 {[%cal Rg4h3][%mdl 576] Decoy} 19. Bxg4 f5 {[%mdl 64] Double Attack} 20. Bh3 fxe4 21. Qxe4 Rf6 22. Ne5 Nxe5 23. Qxe5 a6 24. Rc3 Nd5 25. Rd3 Raf8 26. e4 Nc7 27. f4 Kg8 {Played: Qe7-g7} 0-1

[Event "26th Abu Dhabi Master 2019"]
[Site "Abu Dhabi"]
[Date "2019.08.05"]
[Round "5.55"]
[White "Moksh Amit Doshi"]
[Black "Pujari, Rucha"]
[Result "1/2-1/2"]
[WhiteElo "2229"]
[BlackElo "2268"]
[Annotator "NA"]
[PlyCount "116"]
[EventDate "2019.08.02"]
[EventType "swiss"]
[EventCountry "UAE"]
[SourceTitle "playchess.com"]
[Source "ChessBase"]
[SourceQuality "1"]
[TimeControl "5400+30"]

1. d4 {[%emt 0:00:00]} d5 {[%emt 0:04:06]} 2. c4 {[%emt 0:00:10]} e6 {[%emt 0:00:29]} 3. Nf3 {[%emt 0:00:08]} Nf6 {[%emt 0:00:43]} 4. Nc3 {[%emt 0:00:09]} Be7 {[%emt 0:00:16]} 5. Bf4 {[%emt 0:00:08]} O-O {[%emt 0:00:40]} 6. e3 {[%emt 0:00:05]} Nbd7 {[%emt 0:01:03]} 7. Be2 {[%emt 0:00:10]} dxc4 {[%emt 0:05:15]} 8. O-O {[%emt 0:00:09]} a6 {[%emt 0:00:58]} 9. a4 {[%emt 0:00:08]} c5 {[%emt 0:06:54]} 10. d5 {[%emt 0:00:08]} exd5 {[%emt 0:01:07]} 11. Nxd5 {[%emt 0:00:09]} Nxd5 {[%emt 0:00:29]} 12. Qxd5 {[%emt 0:00:07]} Nf6 {[%emt 0:02:36]} 13. Qxd8 {[%emt 0:00:19]} Rxd8 {[%emt 0:00:02]} 14. Bc7 {[%emt 0:00:13]} Rd7 {[%emt 0:03:26]} 15. Ba5 {[%emt 0:03:10]} b6 {[%emt 0:08:14]} 16. Bxb6 {[%emt 0:00:59]} Rb7 {[%emt 0:01:25]} 17. a5 {[%emt 0:05:11]} Nd7 {[%emt 0:06:50]} 18. Bxc4 {[%emt 0:06:25]} Nxb6 {[%emt 0:00:10]} 19. axb6 {[%emt 0:00:06]} Rxb6 {[%emt 0:00:33]} 20. Ne5 {[%emt 0:00:58]} Rxb2 {[%emt 0:07:45]} 21. Bxf7+ {[%emt 0:05:19]} Kf8 {[%emt 0:00:16]} 22. Bc4 {[%emt 0:02:36]} a5 {[%emt 0:04:58]} 23. Rfc1 {[%emt 0:08:54]} a4 {[%emt 0:03:54]} 24. Ra3 {[%emt 0:06:40]} Bf5 {[%emt 0:09:31]} 25. Bd5 {[%emt 0:02:32]} Rab8 {[%emt 0:07:49]} 26. e4 {[%emt 0:02:01]} Rb1 {[%emt 0:05:02]} 27. Rf1 {[%emt 0:00:14]} Bf6 {[%emt 0:01:44]} 28. Nc6 {[%emt 0:07:49]} Rxf1+ {[%emt 0:02:38]} 29. Kxf1 {[%emt 0:00:04]} Rb1+ {[%emt 0:00:02]} 30. Ke2 {[%emt 0:00:09]} Rb2+ {[%emt 0:02:04]} 31. Kd3 {[%emt 0:00:31]} Bd7 {[%emt 0:01:09]} 32. f4 {[%emt 0:03:23]} Rb6 {[%emt 0:08:45]} 33. Na5 {[%emt 0:04:33]} Bd4 {[%emt 0:00:05]} 34. e5 {[%emt 0:01:19]} Ke7 {[%emt 0:01:27]} 35. g4 {[%emt 0:01:59]} Ra6 {[%emt 0:00:47]} 36. Nb7 {[%emt 0:01:23]} Bxg4 {[%emt 0:00:13]} 37. Ra2 {[%emt 0:03:07]} Bh3 {[%emt 0:01:59]} 38. Nd6 {[%emt 0:01:32]} g6 {[%emt 0:01:03]} 39. Bb7 {[%emt 0:00:43]} Rb6 {[%emt 0:01:29]} 40. Rxa4 {[%emt 0:02:30]} Bf1+ {[%emt 0:00:35]} 41. Kd2 {[%emt 0:00:39]} Rb2+ {[%emt 0:00:15]} 42. Kc1 {[%emt 0:00:49]} Rxh2 {[%emt 0:00:46]} 43. Bf3 {[%emt 0:03:12]} Rf2 {[%emt 0:01:19]} 44. Bd5 {[%emt 0:00:51]} Be3+ {[%emt 0:00:30]} 45. Kd1 {[%emt 0:00:12]} Rd2+ {[%emt 0:00:22]} 46. Ke1 {[%emt 0:00:05]} Rxd5 {[%emt 0:00:13]} 47. Kxf1 {[%emt 0:00:04]} Rd4 {[%emt 0:00:34]} 48. Ra7+ {[%emt 0:00:24]} Ke6 {[%emt 0:00:09]} 49. Rxh7 {[%emt 0:00:35]} Bxf4 {[%emt 0:00:10]} 50. Nb7 {[%emt 0:01:29]} c4 {[%emt 0:00:30]} 51. Rc7 {[%emt 0:00:36]} Bxe5 {[%emt 0:00:10]} 52. Rc6+ {[%emt 0:00:03]} Kf5 {[%emt 0:00:14]} 53. Na5 {[%emt 0:00:19]} c3 {[%emt 0:00:12]} 54. Rc5 {[%emt 0:00:53]} Ke4 {[%emt 0:00:56]} 55. Nc6 {[%emt 0:01:32]} Rd1+ {[%emt 0:00:11]} 56. Ke2 {[%emt 0:00:39]} Rd2+ {[%emt 0:00:09]} 57. Ke1 {[%emt 0:00:04]} Bg3+ {[%emt 0:00:29]} 58. Kf1 {[%emt 0:00:05]} c2 {[%emt 0:01:48]} 1/2-1/2

[Event "26th Abu Dhabi Master 2019"]
[Site "Abu Dhabi"]
[Date "2019.08.05"]
[Round "5.56"]
[White "Utsab Chatterjee"]
[Black "Kathmale, Sameer"]
[Result "0-1"]
[WhiteElo "2150"]
[BlackElo "2326"]
[Annotator "NA"]
[PlyCount "56"]
[EventDate "2019.08.02"]
[EventType "swiss"]
[EventCountry "UAE"]
[SourceTitle "playchess.com"]
[Source "ChessBase"]
[SourceQuality "1"]
[TimeControl "5400+30"]

1. e4 c6 2. d4 d5 3. Nc3 dxe4 4. Nxe4 Bf5 5. Ng3 Bg6 6. h4 h6 7. Nf3 Nd7 8. h5 Bh7 9. Bd3 Bxd3 10. Qxd3 e6 11. Bd2 Ngf6 12. O-O-O Be7 13. c4 b5 14. Ne4 bxc4 15. Nxf6+ Nxf6 16. Qxc4 Qd5 17. Qa4 O-O 18. Ne5 Rfc8 19. Be3 c5 20. Kb1 Rab8 21. Qc4 Qb7 22. Qe2 c4 23. Ka1 Nd5 24. Rb1 Nb4 25. Rbc1 Qa6 26. b3 cxb3 27. Qxa6 b2+ 28. Kxb2 Nc2+ 0-1